<?xml version="1.0" encoding="UTF-8"?><?xml-stylesheet type="text/xsl" href="static/style.xsl"?><OAI-PMH xmlns="http://www.openarchives.org/OAI/2.0/" xmlns:xsi="http://www.w3.org/2001/XMLSchema-instance" xsi:schemaLocation="http://www.openarchives.org/OAI/2.0/ http://www.openarchives.org/OAI/2.0/OAI-PMH.xsd"><responseDate>2026-04-17T03:35:07Z</responseDate><request verb="GetRecord" identifier="oai:www.recercat.cat:2445/189966" metadataPrefix="marc">https://recercat.cat/oai/request</request><GetRecord><record><header><identifier>oai:recercat.cat:2445/189966</identifier><datestamp>2025-12-05T14:07:14Z</datestamp><setSpec>com_2072_1057</setSpec><setSpec>col_2072_478842</setSpec><setSpec>col_2072_478917</setSpec></header><metadata><record xmlns="http://www.loc.gov/MARC21/slim" xmlns:dcterms="http://purl.org/dc/terms/" xmlns:xsi="http://www.w3.org/2001/XMLSchema-instance" xmlns:doc="http://www.lyncode.com/xoai" xsi:schemaLocation="http://www.loc.gov/MARC21/slim http://www.loc.gov/standards/marcxml/schema/MARC21slim.xsd">
   <leader>00925njm 22002777a 4500</leader>
   <datafield ind2=" " ind1=" " tag="042">
      <subfield code="a">dc</subfield>
   </datafield>
   <datafield ind2=" " ind1=" " tag="720">
      <subfield code="a">Pérez Haase, Aaron</subfield>
      <subfield code="e">author</subfield>
   </datafield>
   <datafield ind2=" " ind1=" " tag="720">
      <subfield code="a">Pladevall Izard, Eulàlia</subfield>
      <subfield code="e">author</subfield>
   </datafield>
   <datafield ind2=" " ind1=" " tag="720">
      <subfield code="a">Escolà Lamora, Nil</subfield>
      <subfield code="e">author</subfield>
   </datafield>
   <datafield ind2=" " ind1=" " tag="720">
      <subfield code="a">Ventura Orteu, Eva</subfield>
      <subfield code="e">author</subfield>
   </datafield>
   <datafield ind2=" " ind1=" " tag="720">
      <subfield code="a">Ninot i Sugrañes, Josep Maria</subfield>
      <subfield code="e">author</subfield>
   </datafield>
   <datafield ind2=" " ind1=" " tag="260">
      <subfield code="c">2022-10-18T09:19:05Z</subfield>
   </datafield>
   <datafield ind2=" " ind1=" " tag="260">
      <subfield code="c">2022-10-18T09:19:05Z</subfield>
   </datafield>
   <datafield ind2=" " ind1=" " tag="260">
      <subfield code="c">2020-12</subfield>
   </datafield>
   <datafield ind2=" " ind1=" " tag="520">
      <subfield code="a">Aquest document s’emet com a informe tècnic del projecte finançat per la Fundació Andrena per millorar l’estat de conservació de tres sistemes de molleres al Parc Natural de l’Alt Pirineu. Aquest projecte pretén protegir hàbitats de mollera altament freqüentats per bestiar domèstic, aïllant-los de la pressió ramadera. Pretén també avaluar els efectes de la pressió ramadera sobre la compactació del sòl, la coberta de briòfits, el desenvolupament de les plantes herbàcies i la floració; descriure els processos de successió vegetal durant els primers anys després de l’eliminació del bestiar, i finalment monitorar detalladament parcel·les de seguiment per detectar la dinàmica de la vegetació que hi té lloc en funció d’altres paràmetres ambientals més enllà de la pressió ramadera. Els resultats exposats en aquest document, després de tres anys des de la construcció dels tancats d’exclusió ramadera, mostren la rapidesa dels canvis en l’estructura de la vegetació de les comunitats en les mollera, però alhora deixen palesa la lentitud dels canvis en la composició d’espècies i –i en els seus recobriments– en els sistemes d’alta muntanya.</subfield>
   </datafield>
   <datafield ind2=" " ind1=" " tag="520">
      <subfield code="a">Resumeix el plantejament, l’execució i els resultats obtinguts per a la conservació dels hàbitats de mollera als Pirineus Centrals entre els anys 2018 i 2020.</subfield>
   </datafield>
   <datafield tag="653" ind2=" " ind1=" ">
      <subfield code="a">Ecologia</subfield>
   </datafield>
   <datafield tag="653" ind2=" " ind1=" ">
      <subfield code="a">Conservació de la diversitat biològica</subfield>
   </datafield>
   <datafield tag="653" ind2=" " ind1=" ">
      <subfield code="a">Biodiversitat</subfield>
   </datafield>
   <datafield tag="653" ind2=" " ind1=" ">
      <subfield code="a">Restauració ecològica</subfield>
   </datafield>
   <datafield tag="653" ind2=" " ind1=" ">
      <subfield code="a">Ecology</subfield>
   </datafield>
   <datafield tag="653" ind2=" " ind1=" ">
      <subfield code="a">Biodiversity conservation</subfield>
   </datafield>
   <datafield tag="653" ind2=" " ind1=" ">
      <subfield code="a">Biodiversity</subfield>
   </datafield>
   <datafield tag="653" ind2=" " ind1=" ">
      <subfield code="a">Restoration ecology</subfield>
   </datafield>
   <datafield ind2="0" ind1="0" tag="245">
      <subfield code="a">Millora de l’estat de conservació de les molleres del Parc Natural de l’Alt Pirineu</subfield>
   </datafield>
</record></metadata></record></GetRecord></OAI-PMH>